| 000 | 00785cam a2200205 4500 | ||
|---|---|---|---|
| 001 | WB3744-19 | ||
| 008 | 011122n2001 000 0 eng u | ||
| 035 | _a(Sirsi) u115707 | ||
| 245 | _aHousing Market Survey - October 2001 | ||
| 260 | _c2001 | ||
| 490 |
_aRICS Press Release _v20 November 2001, (1) |
||
| 520 | _aReport shows the pace of house price rises continuing to slow in October with a reduction in sales growth. Buyer enquiries have shown some signs of stabilising. For the full report go to http://www.rics.org/downloads/Housing_Oct_01.pdf | ||
| 590 | _aWB | ||
| 650 | _aHOUSING MARKET SURVEYS | ||
| 650 | _aHOUSE PRICES | ||
| 650 | _aSALES GROWTH | ||
| 650 | _aINTEREST RATES | ||
| 690 | _aPROPERTY-RESIDENTIAL PROPERTY-RESIDENTIAL PROPERTY MARKET | ||
| 942 | _n0 | ||
| 999 |
_c68918 _d68918 |
||